| 000 | 00797cab a22001815a 4500 | ||
|---|---|---|---|
| 001 | ##L132788 | ||
| 008 | 060308s2006 xxk f 000 0 eng d | ||
| 035 | _a(Sirsi) u132788 | ||
| 041 | 0 | _aeng | |
| 245 | 0 | 4 |
_aThe developer's guide to Brownfield _bprofits of brownfield development in the UK |
| 260 | _c2006 | ||
| 490 | 0 |
_aProperty Forecast _vSupplement: Brownfield Briefing 9(2) February 2006 (24) |
|
| 520 | _aGuide to avoiding legal and financial pitfalls on contaminated land and brownfield issues. This includes the prevention of costly court damages, loss of asset values, remediation cost overruns and missing out on tax relief and grants. | ||
| 590 | _aIKA140306, KA | ||
| 651 | 4 |
_aUnited Kingdom _y |
|
| 690 | _aPROPERTY-RURAL AND NATURAL ASSETS-LAND-CONTAMINATED LAND | ||
| 942 | _n0 | ||
| 999 |
_c76631 _d76631 |
||